| 000 | nam a22 7a 4500 | ||
|---|---|---|---|
| 999 |
_c24398 _d24398 |
||
| 008 | 170128b xxu||||| |||| 00| 0 eng d | ||
| 020 | _a9781581525144 | ||
| 050 | _aHB 171 .M68 2007 | ||
| 100 |
_aMourdoukoutas, Panos. _d2007 |
||
| 245 |
_aEconomics for Investors: _bMacroeconomics/ |
||
| 260 |
_aUSA: _bCopley custom textbooks, _c2007. |
||
| 300 |
_a169p.: _bill.; _c25cm. |
||
| 521 | _aIncludes index. | ||
| 650 | _aEconomics. | ||
| 650 | _aInvestments. | ||
| 942 |
_2lcc _cBOOKS _hHB 171 .M68 2007 |
||